000 00792nam a2200241Ia 4500
003 OSt
005 20220925220853.0
006 a|||||r|||| 00| 0
007 ta
008 220923b |||||||| |||| 00| 0 eng d
037 _cGeneral Book
040 _aRTL
_cRTL
_beng
041 _2eng
_aeng
082 _aY9(Z,193).1-1.N8, M8
100 _aBrewer John D
_9137609
245 0 _aPolice, public order and the state
_bPolicing in Great Britain, Northern Ireland, the Irish Republic, the USA, Israel, South Africa and China
260 _aLondon
_bMacmillan Press
_c1988
300 _axi,245p
_ccm.
500 _aBibliography P 239-41
650 _aSociology of Police
942 _hY9(Z,193).1-1.N8, M8
_cGB
_2CC
999 _c572749
_d572749